Cap al Dia de l'Esport a Europa : no és hora que l'esport tingui ja un dia? = Hacia el Día del Deporte en Europa : ¿no es hora de que el deporte tenga un día? = For a European Day of Sport : isn't it about time sport had its day? no és hora que l'esport tingui ja un dia? = Hacia el Día del Deporte en Europa :

Publicado: Barcelona : Diputació de Barcelona. Àrea d'Esports , 2010
Descripción Física: 1 f. plegat en 8 parts : il. col. ; 20 cm pleg., 40 x 40 cm despleg.

MARC

LEADER 00000nam a2200000Ia 4500
001 22907
008 160829s2010 xx 000 0 cat d
080 |a FU-56-69 
245 |a Cap al Dia de l'Esport a Europa :  |b  no és hora que l'esport tingui ja un dia? = Hacia el Día del Deporte en Europa :  |b  ¿no es hora de que el deporte tenga un día? = For a European Day of Sport :  |b  isn't it about time sport had its day? 
260 |a Barcelona :  |b Diputació de Barcelona. Àrea d'Esports,  |c 2010 
300 |a 1 f. plegat en 8 parts :  |b  il. col. ;  |c 20 cm pleg., 40 x 40 cm despleg. 
590 |a Quan es deplega, és un cartell il·lustrat que porta el mateix títol en anglès 
650 |a Esports  |x Europa   |9 43928 
650 |a Barcelona. Diputació. Àrea d'Esports 
710 |a Barcelona (Catalunya : Província).  |b Àrea d'Esports  |9 53827 
901 |a Arxiu 
942 |n 1 
952 |0 0  |1 0  |4 0  |6 FU5669  |7 1  |9 51690  |a Arxiu  |b Arxiu  |d 2016-12-01  |l 0  |o FU-56-69  |p 22907  |r 2016-12-01 00:00:00  |w 2016-12-01  |y ARXIU 
999 |c 55535  |d 55535